| 000 | 00868cad a22002175a 4500 | ||
|---|---|---|---|
| 001 | E152711 | ||
| 008 | 110418s2010 xxk 000 0 eng d | ||
| 035 | _a(Sirsi) u152711 | ||
| 041 | 0 | _aeng | |
| 110 | 1 |
_aDundas & Wilson _93602 |
|
| 245 | 0 | 0 |
_aArbitration in Scotland will be transformed _bare you ready? _h[electronic resource] |
| 260 | _c2010 | ||
| 490 |
_aDundas & Wilson Alert _vJune 2010 |
||
| 520 | _aDiscusses the Arbitration (Scotland) Act 2010, and advises on steps to take to prepare for its introduction. | ||
| 590 | _aKA | ||
| 650 | 2 | 4 | _aARBITRATION (SCOTLAND) ACT 2010 |
| 651 | 4 |
_aScotland _y1999- |
|
| 690 | _aMANAGEMENT-DISPUTE AVOIDANCE, MANAGEMENT AND RESOLUTION-DISPUTE MANAGEMENT AND RESOLUTION | ||
| 856 | 4 | 0 |
_uhttps://www.dundas-wilson.com/publications/dw_cms_6548.asp _zView the article free of charge at www.dundas-wilson.com |
| 942 | _n0 | ||
| 999 |
_c83066 _d83066 |
||